| 000 | 00833nam a22002177a 4500 | ||
|---|---|---|---|
| 999 |
_c11958 _d11958 |
||
| 003 | AR-CdUCM | ||
| 008 | 190401b ||||| |||| 00| 0 spa d | ||
| 040 |
_aMUNICIPALIDAD PROVINCIAL DEL CUSCO _cBIBLIOTECA MUNICIPAL DEL CUSCO |
||
| 082 |
_aES / 373.700 / _bV66 _25ed. |
||
| 100 |
_aVillacorta Paredes, Juan _927655 |
||
| 245 |
_aArtes Plásticas : _bLínea, color y bodegón / |
||
| 260 |
_aLima : _bSalesiana. |
||
| 300 |
_a94 páginas ; _bimágenes. _c24cm. |
||
| 500 | _aEducación secundaria 1ro | ||
| 505 | _aContenido: La educación estética escolar -- Importancia del arte -- El arte en la educación -- El arte en la vida práctica -- División del dibujo artístico... | ||
| 650 |
_aArte. _9561 |
||
| 650 |
_aArtes plásticas. _927656 |
||
| 650 |
_aEducación _9460 |
||
| 942 |
_2ddc _cLIBROS |
||
| 945 |
_anom _d2019-04-05 |
||